000 00552nam a2200217 a 4500
001 0001-2188
003 ELIB.Books
008 190802 2010 eng
020 _a0805432264
092 _a254
_bMcD
100 _aMcDonough, Reginald M.
245 _aKeys to Effective Motivation
260 _aNashville
_bBroadman Press
_c1979
300 _a140
_c19cm
650 _aChurch Work
856 _nKBTS Library
_uKBTS Elib
942 _2ddc
_cBK
990 _a1
998 _aEnglishbooks.elf
_ccat
_e2019-08-02
999 _c12188
_d12188